|
|
|
|
| LEADER |
00000nam0a2200000 4500 |
| 001 |
281835 |
| 005 |
20231101235436.0 |
| 035 |
|
|
|a (RuTPU)RU\TPU\book\305683
|
| 090 |
|
|
|a 281835
|
| 100 |
|
|
|a 20150126d1984 km y0rusy50 ca
|
| 101 |
0 |
|
|a rus
|
| 102 |
|
|
|a RU
|
| 105 |
|
|
|a a z 001zy
|
| 200 |
1 |
|
|a Векторная стратификация
|f В. А. Глотов, В. В. Павельев
|g Академия наук СССР (АН СССР), Институт проблем управления им. В. А. Трапезникова (ИПУ) ; отв. ред. В. Н. Бурков
|
| 210 |
|
|
|a Москва
|c Наука
|d 1984
|
| 215 |
|
|
|a 94 с.
|c ил.
|
| 320 |
|
|
|a Библиогр.: с. 88-93
|
| 606 |
1 |
|
|a Кибернетика техническая
|x Статистические методы
|2 stltpush
|3 (RuTPU)RU\TPU\subj\39481
|9 59560
|
| 610 |
1 |
|
|a векторная стратификация
|
| 610 |
1 |
|
|a критериальные свойства
|
| 610 |
1 |
|
|a структуризация
|
| 610 |
1 |
|
|a эксперты
|
| 610 |
1 |
|
|a отбор
|
| 610 |
1 |
|
|a информационное обеспечение
|
| 610 |
1 |
|
|a методы
|
| 610 |
1 |
|
|a применение
|
| 675 |
|
|
|a 681.51.01:519
|v 3
|
| 700 |
|
1 |
|a Глотов
|b В. А.
|g Всеволод Анатольевич
|
| 701 |
|
1 |
|a Павельев
|b В. В.
|g Владимир Васильевич
|
| 702 |
|
1 |
|a Бурков
|b В. Н.
|4 340
|
| 712 |
0 |
2 |
|a Академия наук СССР (АН СССР)
|b Институт проблем управления им. В. А. Трапезникова (ИПУ)
|c (Москва)
|2 stltpush
|3 (RuTPU)RU\TPU\col\6782
|
| 801 |
|
1 |
|a RU
|b 63413507
|c 20150126
|
| 801 |
|
2 |
|a RU
|b 63413507
|c 20170710
|g RCR
|
| 942 |
|
|
|c BK
|